Score 0/30 Timer 10:00
0 Plays Today
% Correct
Capitals Of The World (Redux)
97.4%
Countries Of The World (Redux)
86.8%
Keep Calm And Go To The Movies
86.8%
Ghost Movies By Image
86.8%
Click-A-Ghost
86.8%
Mars Or Hershey?
84.2%
Country Trivia Logic Puzzle
81.6%
True Or False Logic
81.6%
Movies Bunker
81.6%
U.S. Presidents Bunker
81.6%
US Presidents (Redux)
81.6%
Keep Calm And Watch TV
81.6%
Planetary Profile: Mars
81.6%
Matt Damon Movies
81.6%
Twins In Television
81.6%
% Correct
Twins In Movies
81.6%
’Twin’ Movies At The Box Office
81.6%
TV Time
81.6%
Song Time
81.6%
Movie Time
81.6%
Pac-Man Ghosts
81.6%
The Road Not Taken
78.9%
Take Me Home Country Road Lyrics
78.9%
Route 66 States
78.9%
Say No To Tic-Tac-Toe!
78.9%
Geography Bunker
78.9%
Keep Calm And Play Video Games
78.9%
US Flag Facts
78.9%
Paint By Lyrics: The Star Spangled Banner
78.9%
US Flags In Movies
76.3%
Remove Ads.
Support Sporcle.
Get the best of Sporcle when you Go Orange. This ad-free experience offers more features, more stats, and more fun while also helping to support Sporcle. Thank you for becoming a member.

You're not logged in!

Compare scores with friends on all Sporcle quizzes.
OR
Log In

Show Comments

Extras

Created Dec 17, 2018ReportNominate
Tags:Clickable Quiz, badge

Top Quizzes Today


Score Distribution

Your Account Isn't Verified!

In order to create a playlist on Sporcle, you need to verify the email address you used during registration. Go to your Sporcle Settings to finish the process.

Report this User

Report this user for behavior that violates our Community Guidelines.

Details: